000 00447nam a2200181Ia 4500
001 17873
005 20260306171549.0
008 260306s9999||||xx |||||||||||||| ||und||
041 _aESP
082 _a658.3
_bC95G
100 _aCuesta Santos, Armando
_eAUT
245 0 _aGestión del talento humano y del conocimiento
260 _c2015
300 _a462 páginas :
_c25 cm.
650 _aGEN
654 _aCAN
942 _cLIB
_dJUS
_fJUS
_2ddc
_n
999 _c17873
_d17873